Dictionnaire Économique et Social

Salvato in:
Dettagli Bibliografici
Autore principale: Brémond, Janine
Altri autori: Gélédan, Alain
Natura: Libro
Lingua:francese
Pubblicazione: Paris Hatier 1990
Edizione:4. éd.
Tags: Aggiungi Tag
Nessun Tag, puoi essere il primo ad aggiungerne!!

MARC

LEADER 00000nam a2200000 4500
001 c021927
005 20221215125937.8
041 0 |a fre 
044 |a FR 
245 1 0 |a Dictionnaire Économique et Social  |c Janine Brémond, Alain Gélédan 
250 |a 4. éd. 
264 1 |a Paris  |b Hatier  |c 1990 
300 |a 419 s. 
100 1 |a Brémond, Janine 
700 1 |a Gélédan, Alain